Normal view
MARC view
Entry Personal Name
001 - CONTROL NUMBER
- control field: 344578
003 - CONTROL NUMBER IDENTIFIER
- control field: OSt
005 - DATE AND TIME OF LATEST TRANSACTION
- control field: 20220926041142.0
008 - FIXED-LENGTH DATA ELEMENTS
- fixed length control field: 220926|| aca||aabn | a|a d
040 ## - CATALOGING SOURCE
- Original cataloging agency: OSt
- Transcribing agency: OSt
100 ## - HEADING--PERSONAL NAME
- Personal name: India, Commercial Intelligence and Statistics (Deptt of0)
670 ## - SOURCE DATA FOUND
- Source citation: Work cat.: (OSt)666485: India, Commercial Intelligence and Statistics (Deptt of0) 344577, Indian customs and central excise tariff, 1970
